|
|
|
|
| LEADER |
02366nam a22003614a 4500 |
| 001 |
EBC226593 |
| 003 |
MiAaPQ |
| 005 |
20200520144314.0 |
| 006 |
m o d | |
| 007 |
cr cn||||||||| |
| 008 |
040921s2005 nju sb 001 0 eng |
| 010 |
|
|
|z 2004022093
|
| 020 |
|
|
|z 047169469X (cloth)
|
| 035 |
|
|
|a (MiAaPQ)EBC226593
|
| 035 |
|
|
|a (Au-PeEL)EBL226593
|
| 035 |
|
|
|a (CaPaEBR)ebr10114184
|
| 035 |
|
|
|a (CaONFJC)MIL25503
|
| 035 |
|
|
|a (OCoLC)559961860
|
| 040 |
|
|
|a MiAaPQ
|c MiAaPQ
|d MiAaPQ
|
| 043 |
|
|
|a n-us---
|
| 050 |
|
4 |
|a HV6679
|b .C653 2005
|
| 082 |
0 |
4 |
|a 658.4/72
|2 22
|
| 100 |
1 |
|
|a Collins, Judith M.
|
| 245 |
1 |
0 |
|a Preventing identity theft in your business
|h [electronic resource] :
|b how to protect your business, customers, and employees /
|c Judith M. Collins.
|
| 260 |
|
|
|a Hoboken, N.J. :
|b Wiley,
|c c2005.
|
| 300 |
|
|
|a x, 245 p.
|
| 504 |
|
|
|a Includes bibliographical references and index.
|
| 505 |
0 |
|
|a What is an "identity"? -- Identity theft: effects on victims -- Identity crime is entrenched -- Identity crimes are escalating -- Legal requirements for business -- Caveat lector. let the reader beware -- Your business identities -- Tighten your business borders -- Securing the people front: the security job analysis -- The people front: recruitment for security -- The people front: personnel selection for security -- The people front: select for motivation -- The people front: select for integrity and security -- The people front: select for interpersonal skills -- Socialization, company culture, and the realistic job preview -- The security orientation program: socializing newcomers to the honest company culture -- The people front: appraisal and feedback for performance and security -- The process front: secure business information processes -- The property front: the e-business web site -- The customer security program -- E-commerce "best practices" for customers -- The legislative process -- HIPAA: security for health care companies.
|
| 533 |
|
|
|a Electronic reproduction. Ann Arbor, MI : ProQuest, 2015. Available via World Wide Web. Access may be limited to ProQuest affiliated libraries.
|
| 650 |
|
0 |
|a Identity theft
|z United States
|x Prevention.
|
| 655 |
|
4 |
|a Electronic books.
|
| 710 |
2 |
|
|a ProQuest (Firm)
|
| 856 |
4 |
0 |
|u https://ebookcentral.proquest.com/lib/matrademy/detail.action?docID=226593
|z Click to View
|